Doktor Živago /

Salvato in:
Dettagli Bibliografici
Autore principale: PASTERNAK, Boris (Autore)
Altri autori: JESENSKÁ, Zora (Traduttore)
Natura: Libro
Lingua:slovacco
Pubblicazione: Bratislava Tatran 1969
Edizione:1. vydanie
Tags: Aggiungi Tag
Nessun Tag, puoi essere il primo ad aggiungerne!!

MARC

LEADER 00000nam a22000003a 4500
001 0102631
003 SK-STU
005 20230614105250.2
007 ta
008 230614s ----xo-----e------000-0-----d
040 |a STU  |b slo 
041 0 |a slo 
044 |a xo 
100 1 |a PASTERNAK, Boris  |4 aut 
245 1 0 |a Doktor Živago /  |c aut. Boris PASTERNAK ; prekl. Zora JESENSKÁ 
250 |a 1. vydanie 
260 |a Bratislava  |b Tatran  |c 1969 
300 |a 512 s. 
700 1 |a JESENSKÁ, Zora  |4 trl 
996 |c I* 4SOA13937  |l I  |s A  |a 24  |w 0102631_0001